000 01165nac a22003257a 4500
001 BR0808852
003 BR-BrBNA
005 20240105123727.0
008 230509b bl.|||m| |||| 00| 0 por d
040 _aBR-BrBNA
_bpor
_cBiblioteca Nacional de Agricultura
072 _aH20
090 _a3240 BR0808852
100 1 _aGallotti, G.J.M.
110 1 _aEmpresa de Pesquisa Agropecuária e Extensão Rural de Santa Catarina S.A., Florianópolis (Brasil)
245 1 _aDoenças em viveiros florestais de Eucalyptus spp., Corymbia spp., Pinus spp. e Ilex paraguariensis, micorrização e estratégias de controle
260 3 _aFlorianópolis, SC (Brasil):
_c2008.
300 _a45 p.
490 _aBoletim Técnico - Empresa de Pesquisa Agropecuária e Extensão Rural de Santa Catarina S.A. (Brazil)
_vno. 143
_xISSN 0100-7416
500 _a25 illus.; 29 ref.
650 _aVIVEIRO FLORESTAL
650 _aEUCALYPTUS SPP
650 _aPINUS SPP
650 _aDOENÇA DE PLANTA
650 _aNEMATOIDE
650 _aFUNGO
650 _aFERRUGEM
650 _aMICORRIZA
909 _a202312
_bLúcia Elande
_c55
_dLúcia Elande
942 _2AGRIS
_n0
_cMS
999 _c296728
_d296728